[Event "19th Rochefort Open 2020"]
[Site "Rochefort"]
[Date "2020.02.26"]
[Round "7.3"]
[White "Shirazi, Kamran"]
[Black "Vorobiov, Evgeny E."]
[Result "0-1"]
[WhiteElo "2362"]
[BlackElo "2520"]
[Annotator "TA"]
[PlyCount "112"]
[EventDate "2020.02.22"]
[EventType "swiss"]
[EventCountry "FRA"]
[SourceTitle "playchess.com"]
[Source "ChessBase"]
[SourceQuality "1"]

{[%evp 9,112,-40,-40,-43,-56,-52,-56,-64,-72,-75,-59,-98,-88,-94,-86,-92,-89,-85,-66,-63,-63,-64,-71,-71,-71,-71,-74,-74,-75,-103,-103,-103,-101,-104,-102,-112,-106,-107,-114,-116,-89,-85,-88,-81,-79,-88,-81,-81,-81,-97,-79,-79,-74,-87,-71,-208,-208,-219,-219,-205,-220,-209,-118,-114,-121,-297,-347,-326,-339,-370,-350,-370,-369,-330,-327,-287,-384,-370,-320,-306,-304,-422,-389,-471,-470,-448,-405,-419,-420,-1027,-1193,-1238,-1080,-1417,-1410,-1365,-1374,-1349,-1336,-1265,-1168,-1097,-986,-29997,-29998]} 1. c4 c5 2. Nc3 g6 3. a3 Nc6 {[#]} 4. h4 $146 ({Predecessor:} 4. e3 Bg7 5. Qc2 Nf6 6. Nge2 O-O 7. Ng3 b6 8. h4 h5 9. Nd5 e6 10. Nf4 {1-0 (36) Aflalo,S (2091)-Roxo,A (1837) Lisbon 2019}) 4... Nf6 5. e3 Bg7 6. Nge2 {A34: Symmetrical English: 2 Nc3, lines with ...d5.} d5 7. cxd5 Nxd5 8. Nxd5 {Black is slightly better.} Qxd5 9. Nc3 Qf5 10. b4 O-O 11. bxc5 Bxc3 ({Much worse is} 11... Qxc5 12. Bb2 $11) 12. dxc3 Rd8 13. Qb3 Ne5 {[%mdl 1024] Hoping for ...Be6. Black has strong compensation.} 14. c4 Bd7 {White must now prevent ...Bc6.} 15. Be2 Bc6 16. O-O {[#]} Qe4 $1 {[%csl Gc6][%cal Re4g2][%mdl 512]} 17. f3 Qxh4 18. Qc3 Qg3 {Threatens to win with ...Ng4!} 19. Qe1 Qxe1 20. Rxe1 Nd3 21. Bxd3 Rxd3 22. e4 Rad8 23. Bb2 h5 24. Rac1 Kh7 25. Bc3 g5 26. Kf2 Kg6 27. Re3 Rxe3 28. Kxe3 $17 {[%mdl 4096] Endgame KRB-KRB} h4 29. a4 f6 30. a5 a6 31. Be1 e5 32. Ke2 {[#]} (32. Bc3 $17) 32... f5 $1 $19 33. exf5+ Kxf5 34. Bd2 e4 {...exf3+ is the strong threat.} 35. Be3 Kg6 (35... exf3+ $19 36. gxf3 h3) 36. f4 $17 g4 37. Bf2 $2 (37. Rf1 $17 {might work better.}) 37... g3 $19 38. Be3 Kf5 39. Rh1 Kg4 40. f5 Rf8 41. Rd1 Rxf5 42. Rd6 {[#]} h3 $1 {[%cal Rh3h2] aiming for ...h2.} 43. Rg6+ Kh4 44. gxh3 Kxh3 45. Rh6+ Kg2 46. Rh4 Rf1 47. Rh7 Rb1 48. Bd4 Rb3 49. Re7 (49. Be5 $142 Ra3 50. Rg7) 49... Ra3 50. Rg7 Rxa5 51. Be5 Ra2+ 52. Ke1 Ra3 53. Rg8 a5 {[%cal Ba6a5,Ba5a4][%mdl 32]} 54. Ke2 a4 55. Ra8 Rd3 56. Ra5 Bd7 {Accuracy: White = 65%, Black = 92%.} 0-1

[Event "19th Rochefort Open 2020"]
[Site "Rochefort"]
[Date "2020.02.26"]
[Round "7.4"]
[White "Colin, Vincent"]
[Black "Burmakin, Vladimir"]
[Result "1-0"]
[WhiteElo "2359"]
[BlackElo "2514"]
[Annotator "TA"]
[PlyCount "117"]
[EventDate "2020.02.22"]
[EventType "swiss"]
[EventCountry "FRA"]
[SourceTitle "playchess.com"]
[Source "ChessBase"]
[SourceQuality "1"]

{[%evp 9,117,67,73,14,20,-9,0,-16,13,-33,25,0,19,-14,0,0,9,-1,18,-15,-18,-24,-14,0,0,0,25,16,21,0,0,0,0,0,0,0,0,0,0,-26,0,-4,0,-8,-18,-12,-19,-9,156,156,156,152,165,165,165,165,191,157,256,251,252,252,252,251,252,251,251,251,282,227,220,216,195,191,277,271,265,317,254,72,87,89,472,466,1200,1042,985,640,1203,754,775,755,764,695,682,724,631,607,505,466,29961,470,29973,29971,29975,29976,29996,29988,29988,29973]} 1. e4 d5 2. exd5 Qxd5 3. Nf3 Nf6 4. Be2 c6 5. O-O Bf5 6. b4 {B01: Scandinavian Defence.} (6. Nh4 $16) 6... e6 {[#]} 7. b5 $146 ({Predecessor:} 7. Nc3 Qd8 8. a3 Nbd7 9. Nh4 Bg6 10. Bf3 Nd5 11. Nxd5 cxd5 12. Nxg6 hxg6 13. g3 {0-1 (33) Rojo Lynch,E (1911)-Munoz,F (1934) Buenos Aires 2012}) 7... Be7 8. Nc3 {The position is equal.} Qd8 9. Nh4 Bg6 (9... a6 $15) 10. Nxg6 hxg6 11. Rb1 Qc7 {[%csl Gh8][%cal Rc7h2]} 12. g3 O-O 13. Bf3 Nbd7 14. Qe2 cxb5 15. Rxb5 Rab8 16. a4 Rfc8 17. Re1 b6 18. Rb1 Qc4 19. Bb2 Qxe2 20. Bxe2 Bb4 21. Nb5 Bxd2 22. Red1 Ba5 23. Nxa7 Rxc2 24. Bb5 Rb7 25. Nc6 Bc3 26. Ba3 Nd5 27. Rbc1 Rxc1 28. Rxc1 Bf6 $2 (28... N7f6 $11) 29. Ba6 $1 $36 {[%cal Ra6b7][%mdl 2048] White is on the roll.} Rc7 30. Bd6 Nc5 ({Don't blunder} 30... Bg5 $2 31. f4) 31. Bxc7 Nxc7 {[#]} 32. Bb5 $1 g5 33. Na7 {aiming for a5!} Bd4 (33... Nxb5 $16 {was worth a try.} 34. axb5 (34. Nxb5 Nxa4 35. Rc8+ Kh7 $16) 34... Ne4) 34. Rc4 e5 35. Nc6 Nxb5 36. axb5 $18 {[%mdl 4096] Endgame KRN-KBN} Ne6 37. Kg2 f6 38. Ra4 Bc5 39. Ra7 g4 40. f3 gxf3+ 41. Kxf3 Kh7 (41... Ng5+ $142 42. Kg4 Nf7) 42. Ke4 Ng5+ 43. Kd5 Nf3 44. Nb8 $2 (44. h4 $18 {is more deadly.}) 44... Nd4 $16 45. Kc4 Nc2 $2 {[%mdl 8192] This move loses the game for Black.} (45... Nf5 $16) 46. Nd7 $18 Na3+ {[#]} (46... Bg1 $142 47. Nxf6+ Kg6) 47. Rxa3 $1 Bxa3 48. Nxb6 {KB-KN} e4 49. Nc8 Bb2 50. Nd6 Kg6 51. b6 {And now b7 would win.} e3 {White must now prevent ...Be5.} 52. b7 e2 53. b8=Q {White wants to mate with Qe8+.} e1=Q 54. Qxb2 Qf1+ (54... Qa5 $18 55. Qd4 Kh7 56. Qe4+ Kh8) 55. Kc5 (55. Kd5 $142 Qf3+ 56. Ke6 Qe3+ 57. Kd7 Kh7 58. Qb7 g6 59. Kd8+ Kh6 60. Qd7) 55... Qg1+ (55... Kh5 $18 56. Qc2 Kg4) 56. Kd5 {White mates.} Kg5 57. Qe2 f5 58. h4+ Kg6 59. Qe6+ {Accuracy: White = 80%, Black = 59%.} 1-0

[Event "19th Rochefort Open 2020"]
[Site "Rochefort"]
[Date "2020.02.26"]
[Round "7.5"]
[White "Jeet, Jain"]
[Black "Prie, Eric"]
[Result "1-0"]
[WhiteElo "2223"]
[BlackElo "2423"]
[Annotator "TA"]
[PlyCount "131"]
[EventDate "2020.02.22"]
[EventType "swiss"]
[EventCountry "FRA"]
[SourceTitle "playchess.com"]
[Source "ChessBase"]
[SourceQuality "1"]

{[%evp 14,131,0,0,0,0,4,12,45,20,22,16,21,12,20,0,28,0,19,-10,56,47,56,37,51,54,50,40,36,18,51,47,59,50,46,8,75,0,0,0,0,-17,-17,-22,-34,-49,12,16,24,31,32,0,7,7,47,48,77,75,81,74,157,152,154,57,141,143,226,254,267,274,348,148,155,125,196,188,213,214,208,201,283,215,286,195,201,126,220,216,331,262,314,328,334,325,266,256,388,388,387,339,405,398,749,747,739,732,697,697,710,628,1185,1135,993,978,29959,29960,11106,6110,1535,1473]} 1. e4 c5 2. Nf3 Nc6 3. Nc3 g6 4. d4 cxd4 5. Nxd4 Bg7 6. Nb3 Nf6 7. Be2 O-O 8. O-O a6 {B34: Sicilian: Accelerated Dragon with 5 Nc3: sidelines.} 9. Bg5 b5 10. a3 h6 {The position is equal.} 11. Bh4 d6 12. f4 Bb7 13. Kh1 Rc8 14. Bf3 {[#]} Re8 $146 ({Predecessor:} 14... Nd7 15. Qe2 Nb6 16. Nd1 Nc4 17. c3 a5 18. Nd2 Nxd2 19. Qxd2 b4 20. Bf2 bxc3 21. Nxc3 {0-1 (51) Onischuk,V (2427)-Efimenko,Z (2612) Poltava 2006}) 15. Qd2 (15. e5 $5 Nh7 16. exd6 Qxd6 17. a4 $14) 15... Nh7 16. Nd1 g5 (16... a5 $11) 17. fxg5 $14 hxg5 18. Bxg5 Nxg5 19. Qxg5 e6 20. Qh5 Ne5 21. Ne3 Ng6 22. c3 Qh4 23. Qxh4 Nxh4 24. Rad1 Red8 (24... Nxf3 $11 {keeps the balance.} 25. gxf3 Red8) 25. Rd3 (25. Bh5 $16 Ng6 26. Bxg6 fxg6 27. Nd4) 25... Nxf3 $11 26. gxf3 Kf8 27. a4 bxa4 28. Na5 Ba8 29. Nac4 Rc6 (29... Rb8 $15) 30. Ra1 Ke7 31. Rxa4 Bh6 32. Rb4 Rh8 33. Nb6 Bg5 34. Nxa8 {Strongly threatening Rb7+.} Rxa8 35. Rb7+ Kf6 36. Ng2 a5 (36... Bh6 $142) 37. f4 $16 Bh6 {[#]} 38. Rxd6 $1 {[%mdl 512]} Rxd6 (38... Rc4 $1 $14) 39. e5+ {[%mdl 64] Double Attack} Kg6 (39... Kf5 $16 40. exd6 Ra6) 40. exd6 $18 {[%mdl 4096] Endgame KRB-KRN} Rd8 41. d7 Kf6 {[#]} 42. Kg1 (42. c4 $1 $18 {and the rest is easy.}) 42... Ke7 $16 43. Kf2 Kd6 (43... Rxd7 $16 {is a better defense.} 44. Rxd7+ Kxd7) 44. Ra7 $18 Kc6 {Hoping for ...Kb6.} 45. Rxa5 Rxd7 46. Ke2 Rd8 (46... Kd6 $142 47. Rh5 Bg7) 47. Ra7 Rf8 48. b4 Kb6 49. Ra2 Kb5 (49... Rh8 $16) 50. Ra5+ Kc4 (50... Kb6 {was called for.} 51. c4 Rd8) 51. Rc5+ Kb3 52. b5 Bg7 53. c4 Bd4 54. Rc6 Kb4 (54... Kc3 $142 55. h4 Ra8) 55. Ne3 Bc5 56. Ng4 Rh8 57. b6 Rb8 $2 (57... Bxb6 58. Rxb6+ Kc5) 58. Ne5 {Threatens to win with Rxc5!} Bxb6 59. Nd7 {[%mdl 64] Double Attack} Rh8 60. Nxb6 Rxh2+ {KRN-KR} 61. Kf3 Kc3 62. Rd6 Kb4 63. Nd7 Kxc4 64. Ne5+ Kc5 65. Nxf7 Rh3+ 66. Ke4 {Accuracy: White = 75%, Black = 42%.} 1-0

[Event "19th Rochefort Open 2020"]
[Site "Rochefort"]
[Date "2020.02.27"]
[Round "8.1"]
[White "Vorobiov, Evgeny E."]
[Black "Van den Doel, Erik"]
[Result "1/2-1/2"]
[WhiteElo "2520"]
[BlackElo "2583"]
[Annotator "TA"]
[PlyCount "37"]
[EventDate "2020.02.22"]
[EventType "swiss"]
[EventCountry "FRA"]
[SourceTitle "playchess.com"]
[Source "ChessBase"]
[SourceQuality "1"]

{[%evp 15,37,24,23,20,37,4,14,12,13,0,13,0,0,9,37,36,32,0,0,0,25,25,68,4]} 1. d4 d5 2. c4 c6 3. Nf3 Nf6 4. e3 Bf5 5. Nc3 e6 6. Nh4 Be4 7. f3 Bg6 8. Qb3 Qc7 9. Bd2 {D12: Slav Defence: 3 Nf3 Nf6 4 e3 Bf5.} Be7 10. cxd5 cxd5 11. Nxg6 {The position is equal.} hxg6 12. O-O-O Nc6 13. Kb1 a6 14. Rc1 Nd7 15. Bd3 Na5 16. Qa4 {[#] Black must now prevent Nxd5!} (16. Nxd5 $5 Qxc1+ 17. Bxc1 Nxb3 18. Nc7+ {[%mdl 64] Double Attack} Kd8 19. Nxa8 $14) 16... Nc4 17. Bxc4 {[#]} dxc4 $146 ({Predecessor:} 17... Qxc4 18. Qxc4 dxc4 19. e4 b5 20. Be3 Bd6 21. f4 Bb4 22. Nd1 f5 23. b3 cxb3 24. axb3 {0-1 (38) Krasenkow,M (2611)-Poetsch,H (2522) Groningen 2019}) 18. d5 O-O-O 19. e4 {Accuracy: White = 75%, Black = 69%.} ({White should try} 19. dxe6 $1 $14 Nb6 20. Qc2) 1/2-1/2

[Event "19th Rochefort Open 2020"]
[Site "Rochefort"]
[Date "2020.02.27"]
[Round "8.2"]
[White "Gareyev, Timur"]
[Black "Jeet, Jain"]
[Result "1-0"]
[WhiteElo "2607"]
[BlackElo "2223"]
[Annotator "TA"]
[PlyCount "74"]
[EventDate "2020.02.22"]
[EventType "swiss"]
[EventCountry "FRA"]
[SourceTitle "playchess.com"]
[Source "ChessBase"]
[SourceQuality "1"]

{[%evp 15,74,11,22,22,22,18,26,22,21,18,25,20,8,-18,-30,-14,19,25,42,31,204,214,182,180,183,133,188,118,315,170,214,206,210,204,202,180,173,127,137,144,137,129,171,184,184,150,148,135,448,449,448,25,277,0,427,410,29997,29998,29998,0,29998]} 1. d4 d5 2. c4 e6 3. Nc3 Be7 4. cxd5 exd5 5. Bf4 Nf6 6. e3 Bf5 7. Nge2 O-O 8. Ng3 Be6 9. Bd3 {D35: Queen's Gambit Declined: Exchange Variation.} c5 10. dxc5 Bxc5 11. O-O {White has an edge.} Nc6 12. Rc1 d4 13. Nce4 Be7 14. Nc5 Bxc5 15. Rxc5 Nd5 16. Qh5 {[%csl Gd3][%cal Rh5h7]} g6 17. Qh6 $40 {[%mdl 128] [#] Threatens to win with Nh5! White mounts an attack.} Nxf4 $146 {[#]} ({Black should try} 17... f5 $14) ({Predecessor:} 17... Qe7 18. Nh5 f5 19. Bd6 Qf7 20. Bxf8 Rxf8 21. Nf4 Nxf4 22. Qxf4 dxe3 23. fxe3 Bxa2 {1-0 (49) Lutz,C (2591)-Zumsande,M (2315) Bad Zwesten 2000}) 18. Rh5 $1 $18 {[%csl Gh5][%cal Rh6h7][%mdl 512]} Re8 ({Weaker is} 18... Nxh5 19. Nxh5 Qf6 20. Nxf6+ Kh8 21. Qxh7#) 19. exf4 Qf6 20. Qxh7+ Kf8 21. Rb5 (21. Rg5 $18) 21... Qxf4 $2 (21... Qg7 $16 22. Qxg7+ Kxg7) 22. Rxb7 (22. Ne4 $142 a6 23. g3 (23. Rxb7 Qe5 $18)) 22... Qf6 23. f4 {aiming for f5!} Qg7 {[#]} 24. Qh4 $1 Bd5 25. f5 g5 {[#]} 26. f6 $1 {[%mdl 512]} gxh4 27. fxg7+ Kxg7 28. Nh5+ Kh6 29. Nf6 Ne5 30. Nxd5 ({Don't take} 30. Nxe8 $6 Bxb7 31. Rf6+ Ng6 $16) 30... Nxd3 31. Rbxf7 Rad8 $2 {[%mdl 8192]} (31... Re1 $16 {is tougher.}) 32. R1f6+ Kh5 33. Rf5+ $2 (33. Ne7 $18 {White wants to mate with Rh7+.} Rxe7 34. Rxe7) 33... Kh6 $2 {[%mdl 8192]} (33... Kg6 $1 $11 {and Black has nothing to worry.} 34. R5f6+ Kg5) 34. R5f6+ (34. Ne7 $142 {R5f6+ would kill now.} Rd6 35. Rf3 Rxe7 36. Rxe7 Nxb2 37. Re2) 34... Kh5 $1 {Hoping for ...Re1+.} 35. Ne7 Nxb2 (35... Rxe7 $18 36. Rxe7 Kg5) 36. Rh7+ Kg5 37. Rhf7 $2 (37. Rf5+ {mates} Kg4 38. Rg7#) 37... Nd3 $2 {[%mdl 8192] Accuracy: White = 65%, Black = 51%.} (37... Rxe7 $11 38. Rf5+ Kg6 39. R5f6+ Kg5 40. Rf5+ Kg6 41. R5f6+ Kg5) 1-0

[Event "19th Rochefort Open 2020"]
[Site "Rochefort"]
[Date "2020.02.27"]
[Round "8.3"]
[White "Maiorov, Nikita"]
[Black "Colin, Vincent"]
[Result "1/2-1/2"]
[WhiteElo "2506"]
[BlackElo "2359"]
[Annotator "TA"]
[PlyCount "38"]
[EventDate "2020.02.22"]
[EventType "swiss"]
[EventCountry "FRA"]
[SourceTitle "playchess.com"]
[Source "ChessBase"]
[SourceQuality "1"]

{[%evp 15,38,13,20,16,10,6,49,47,54,49,41,41,80,0,30,0,5,-4,0,0,0,-26,-26,-44,-47]} 1. d4 d5 2. c4 c6 3. Nc3 Nf6 4. e3 g6 5. Nf3 Bg7 6. Be2 O-O 7. O-O e6 8. Qc2 b6 {[%cal Bb7b6,Bb6b5][%mdl 32]} 9. b4 {[#] D94: Grünfeld: 4 Nf3 Bg7 5 e3.} dxc4 $146 ({Predecessor:} 9... Nbd7 10. Rd1 Bb7 11. Rb1 Qc7 12. Bb2 Rfc8 13. c5 a5 14. cxb6 Nxb6 15. bxa5 Rxa5 16. Nd2 Nfd7 {0-1 (48) Shen,Y (2475)-Kretchetov,A (2234) Las Vegas 2014}) 10. Bxc4 b5 11. Bd3 {White is slightly better.} a5 12. bxa5 Qxa5 13. Bd2 Qa3 14. Bc1 Qa5 15. Nd2 Na6 {[#] aiming for ...Nb4.} 16. Nb3 Qc7 17. a3 e5 18. Ne4 exd4 {...Ng4 is the strong threat.} 19. exd4 Be6 {Accuracy: White = 70%, Black = 91%.} 1/2-1/2

[Event "19th Rochefort Open 2020"]
[Site "Rochefort"]
[Date "2020.02.27"]
[Round "8.4"]
[White "Duboue, Peio"]
[Black "Dalaud, Dorian"]
[Result "1-0"]
[WhiteElo "2421"]
[BlackElo "2236"]
[Annotator "TA"]
[PlyCount "65"]
[EventDate "2020.02.22"]
[EventType "swiss"]
[EventCountry "FRA"]
[SourceTitle "playchess.com"]
[Source "ChessBase"]
[SourceQuality "1"]

{[%evp 10,65,23,29,36,21,33,24,19,15,21,4,16,8,8,0,0,0,6,0,0,0,0,0,12,11,28,26,23,23,21,22,32,32,34,11,20,14,14,13,20,17,15,13,20,13,13,13,65,70,59,70,127,133,289,285,393,393]} 1. e4 c5 2. c3 d5 3. exd5 Qxd5 4. d4 Nc6 5. Nf3 Bf5 6. Be3 cxd4 {B22: Sicilian: 2 c3.} 7. Nxd4 Nf6 8. Nxf5 Qxf5 {White has an edge.} 9. Bd3 Qd5 {[#] Strongly threatening ...0-0-0.} 10. O-O O-O-O 11. Be2 Qxd1 12. Rxd1 Rxd1+ 13. Bxd1 Nd5 14. Bd2 e6 {[#]} 15. Kf1 $146 ({Predecessor:} 15. Be2 Be7 16. g3 Rd8 17. Be1 Nb6 18. Nd2 Ne5 19. a4 Nd3 20. a5 Na8 21. Nc4 Nxe1 22. Rxe1 {½-½ (38) Tiviakov,S (2588)-Smith,B (2453) Zagreb 2016}) 15... Be7 16. Ke2 e5 (16... Rd8 {is more complex.} 17. a4 a6 18. g3 h5 19. Bc2 g5) 17. a4 Nf4+ 18. Bxf4 exf4 19. Bb3 f6 20. Nd2 Bc5 21. Nc4 Kc7 22. Bc2 Re8+ 23. Kf3 Ne5+ 24. Nxe5 Rxe5 25. Bxh7 $11 {[%mdl 4096] Endgame KRB-KRB} Rh5 26. Be4 Rxh2 27. Rd1 b6 28. Bf5 {[#] Threatens to win with Rd7+.} Rh5 ({Better is} 28... Bd6 $11) 29. Bg4 $14 Rg5 30. Rd7+ Kc6 (30... Kb8 $1 $14) 31. Rxa7 $16 Bd6 $2 (31... f5 $16) 32. Bd7+ $18 Kd5 33. Rb7 {Accuracy: White = 100%, Black = 75%.} 1-0

[Event "19th Rochefort Open 2020"]
[Site "Rochefort"]
[Date "2020.02.27"]
[Round "8.5"]
[White "Yanayt, Eugene"]
[Black "Korneev, Oleg"]
[Result "0-1"]
[WhiteElo "2206"]
[BlackElo "2505"]
[Annotator "TA"]
[PlyCount "76"]
[EventDate "2020.02.22"]
[EventType "swiss"]
[EventCountry "FRA"]
[SourceTitle "playchess.com"]
[Source "ChessBase"]
[SourceQuality "1"]

{[%evp 13,76,0,0,0,0,-18,-12,-11,-10,-18,-26,-81,-78,-77,-78,-82,-80,-167,-120,-115,-117,-133,-133,-139,-131,-194,-185,-192,-178,-184,-181,-167,-150,-157,-137,-135,-144,-140,-106,-157,-145,-157,-168,-214,-83,-127,-114,-164,-108,-204,-216,-439,-438,-417,-398,-514,-500,-896,-898,-889,-881,-888,-879,-1370,-1360]} 1. d4 d5 2. c4 c6 3. Nf3 Nf6 4. Nc3 e6 5. g3 dxc4 6. Bg2 b5 7. Ne5 Nd5 8. O-O {E04: Open Catalan: 5 Nf3.} Bb7 9. e4 Nxc3 10. bxc3 {The position is equal.} Nd7 11. f4 Be7 {[#]} 12. Qh5 $146 (12. a4 $11 {keeps the balance.}) ({Predecessor:} 12. Be3 O-O 13. Qc2 f6 14. Nf3 c5 15. Bh3 f5 16. exf5 exf5 17. Bxf5 Nf6 18. dxc5 Bxf3 19. Rxf3 {½-½ (44) Paunovic,D (2495)-Korneev,O (2671) Seville 2006}) 12... O-O $17 13. f5 exf5 14. Nxd7 Qxd7 15. Bh3 (15. Qxf5 $17 {was called for.} Qxf5 16. Rxf5) 15... Qd8 {Strongly threatening ...c5.} ({Don't do} 15... g6 16. Qh6 $17) 16. Rxf5 Bc8 {[#] And now ...g6 would win.} 17. Rf3 Bxh3 18. Qxh3 Qc8 19. Qh5 (19. Qxc8 $17 {is a better defense.} Raxc8 20. Kg2) 19... Qe6 $19 20. Rf4 g6 21. Qe2 f5 22. Qc2 Bd6 23. exf5 gxf5 24. Rf2 c5 25. d5 Qe1+ 26. Rf1 (26. Kg2 $142 f4 27. Bxf4 Qxa1 28. Rf1 Qxf1+ 29. Kxf1) 26... Qe4 $17 27. Qg2 Be5 28. Bd2 Qxg2+ (28... Rad8 $19 29. Bh6 Bxc3 30. Qxe4 fxe4 31. Rxf8+ Rxf8 32. Bxf8 Bxa1 33. Bxc5 a5) 29. Kxg2 Rad8 30. Bh6 Rf7 (30... Bxc3 $19 31. Rab1 Bg7 32. Bxg7 Kxg7 33. Rxb5 Rxd5) 31. Rad1 (31. Rab1 $17) 31... Bxc3 $19 32. d6 $2 {[#]} (32. Be3 {was the only defense.}) 32... Bd4 33. Rde1 c3 34. Re7 b4 {Black is clearly winning.} 35. Rfe1 (35. Rc7 $142 a5 36. Kf3) 35... Rxe7 36. dxe7 Re8 37. g4 Kf7 38. Bf8 c4 {Accuracy: White = 48%, Black = 82%.} 0-1

[Event "19th Rochefort Open 2020"]
[Site "Rochefort"]
[Date "2020.02.28"]
[Round "9.1"]
[White "Duboue, Peio"]
[Black "Gareyev, Timur"]
[Result "1-0"]
[WhiteElo "2421"]
[BlackElo "2607"]
[Annotator "TA"]
[PlyCount "96"]
[EventDate "2020.02.22"]
[EventType "swiss"]
[EventCountry "FRA"]
[SourceTitle "playchess.com"]
[Source "ChessBase"]
[SourceQuality "1"]

{[%evp 17,96,61,69,53,74,19,138,66,58,60,75,38,79,65,79,79,101,92,100,96,86,53,86,65,78,43,62,52,35,23,33,0,0,0,0,0,47,13,41,0,0,0,0,0,0,0,0,0,0,0,0,0,0,0,0,0,12,0,0,8,8,8,8,8,8,0,0,0,0,0,0,0,0,0,0,0,29980,29981,29981,29982,29995]} 1. e4 e5 2. Nf3 Nc6 3. d4 exd4 4. Nxd4 Bc5 5. Be3 Qf6 6. c3 Nge7 7. g3 O-O 8. Bg2 Bb6 9. O-O d6 10. Na3 {C45: Scotch Game.} Bd7 11. f4 {[#]} (11. Nc4 $16) 11... d5 $146 {[#]} (11... Nxd4 $11 {remains equal.} 12. Bxd4 Rad8) ({Predecessor:} 11... Nxd4 12. cxd4 Nc6 13. Nc2 Qe7 14. d5 Bxe3+ 15. Nxe3 Nd8 16. Re1 f6 17. Rc1 Rc8 {½-½ (63) Federzoni,E (2118)-Cordeiro,M (2217) Florianopolis 2020}) 12. exd5 (12. Ndc2 $1 $16) 12... Nxd4 $14 13. Bxd4 Nf5 {[%cal Rf5d4]} 14. Bf2 (14. Bxb6 {seems wilder.} Qxb6+ 15. Rf2 Qc5 16. Qd3 Rfe8 17. Bh3) 14... Rae8 15. Nc4 Bb5 16. Nxb6 axb6 17. Re1 Rxe1+ 18. Qxe1 Re8 19. Qd1 Nd6 20. Bd4 Qg6 21. b3 h5 22. Bf3 h4 $1 {[%cal Rh4g3]} 23. Bh5 Qh6 24. Be5 hxg3 25. hxg3 Ne4 26. Qf3 Nd2 (26... Nf6 $5 {[%cal Rf6h5]} 27. g4 Bd7 $14) 27. Qh1 Bd3 (27... Rxe5 {with more complications.} 28. Bxf7+ Kxf7 29. Qxh6 Nf3+ 30. Kf2 gxh6 31. fxe5 Nxe5 32. Ke3 Ke7) 28. Rd1 (28. Re1 {keeps more tension.} Be4 29. Qh2 Nf3+ 30. Bxf3 Qxh2+ 31. Kxh2 Bxf3 32. c4) 28... Rxe5 $1 29. Bxf7+ Kxf7 30. Qxh6 gxh6 31. fxe5 Nf3+ {[%mdl 64] [#] Double Attack} 32. Kf2 Nxe5 33. Ke3 Bf5 34. c4 Kf6 35. Rf1 h5 36. Kd4 Nd3 37. Rxf5+ {[%mdl 64] Remove Defender} Kxf5 38. Kxd3 $11 {[%mdl 4096] Endgame b4 is the strong threat. KP-KP} Kg4 39. b4 Kxg3 {Strongly threatening ...h4.} 40. c5 $1 {[%cal Rc5b6]} bxc5 41. bxc5 {K3P-K3P} h4 {White must now prevent ...h3.} 42. d6 cxd6 43. cxd6 {KPP-KPP} h3 {Threatens to win with ...h2.} 44. d7 h2 45. d8=Q {Intending Qc7+ and mate.} h1=Q {And now ...Qd1+ would win.} 46. Qg5+ Kf2 $2 {[%mdl 8192]} (46... Kf3 $11) 47. Qe3+ Kf1 48. Qc1+ Kf2 {Accuracy: White = 69%, Black = 79%.} 1-0

[Event "19th Rochefort Open 2020"]
[Site "Rochefort"]
[Date "2020.02.28"]
[Round "9.2"]
[White "Van den Doel, Erik"]
[Black "Korneev, Oleg"]
[Result "1/2-1/2"]
[WhiteElo "2583"]
[BlackElo "2505"]
[Annotator "TA"]
[PlyCount "33"]
[EventDate "2020.02.22"]
[EventType "swiss"]
[EventCountry "FRA"]
[SourceTitle "playchess.com"]
[Source "ChessBase"]
[SourceQuality "1"]

{[%evp 16,20,13,7,7,0,1]} 1. Nf3 d5 2. g3 Bg4 3. Bg2 c6 4. c4 e6 5. cxd5 Bxf3 6. Bxf3 cxd5 7. O-O Nf6 8. d4 Nc6 9. Nc3 Be7 {A11: English Opening: 1...c6.} 10. e3 O-O {[#] An uneventful encounter.} {Predecessor:} 11. Qe2 $146 Rc8 12. Rd1 Qd7 13. Bd2 Rfd8 14. Be1 Ne8 15. Rac1 f5 16. Bg2 Nf6 17. Na4 {0-1 (35) Rapport,R (2747)-Carlsen,M (2882) Saint Louis 2019} 1/2-1/2